Najdrożsi piłkarze Serie A! - Statystyki

Ogólne statystyki
  • Ten quiz został rozwiązany 75 razy
  • Średni wynik to 23 z 52
Statystyki odpowiedzi
Wartość rynkowa Narodowość Zawodnik % Poprawnych
90,00 mln € Belgia Lukaku
95%
75,00 mln € Holandia De Ligt
83%
70,00 mln € Argentyna Martinez
83%
46,00 mln € Polska Zielinski
83%
60,00 mln € Argentyna Dybala
79%
35,00 mln € Polska Szczesny
78%
55,00 mln € Słowacja Skriniar
71%
50,00 mln € Portugalia Ronaldo
68%
50,00 mln € Senegal Koulibaly
67%
60,00 mln € Włochy Chiesa
65%
70,00 mln € Serbia Milinkovic
65%
60,00 mln € Włochy Donnarumma
63%
48,00 mln € Włochy Insigne
59%
60,00 mln € Włochy Barella
57%
45,00 mln € Włochy Immobile
57%
50,00 mln € WKS Kessie
52%
55,00 mln € Holandia De Vrij
51%
50,00 mln € Maroko Hakimi
51%
45,00 mln € Szwecja Kulusevski
51%
50,00 mln € Hiszpania Morata
49%
45,00 mln € Meksyk Lozano
46%
40,00 mln € Chorwacja Brozovic
44%
50,00 mln € Francja Hernandez
44%
35,00 mln € Dania Eriksen
43%
50,00 mln € Nigeria Osimhen
43%
38,00 mln € Kolumbia Zapata
43%
28,00 mln € Portugalia Leao
41%
28,00 mln € Grecja Manolas
40%
32,00 mln € Francja Rabiot
40%
55,00 mln € Włochy Bastoni
37%
50,00 mln € Brazylia Arthur
35%
44,00 mln € Hiszpania Fabian
33%
35,00 mln € Turcja Calhanoglu
32%
30,00 mln € Turcja Demiral
32%
32,00 mln € Włochy Tonali
32%
50,00 mln € Hiszpania Alberto
30%
40,00 mln € Włochy Belotti
30%
40,00 mln € Urugwaj Bentancur
30%
35,00 mln € Niemcy Gosens
30%
37,00 mln € Włochy Pellegrini
30%
30,00 mln € Włochy Romagnoli
30%
30,00 mln € Włochy Berardi
27%
35,00 mln € Włochy Locatelli
27%
45,00 mln € Włochy Zaniolo
27%
32,00 mln € Chorwacja Rebic
25%
28,00 mln € Brazylia Sandro
24%
30,00 mln € Argentyna Correa
21%
38,00 mln € Argentyna De Paul
21%
40,00 mln € Algieria Bennacer
19%
28,00 mln € Serbia Milenkovic
17%
30,00 mln € Włochy Mancini
13%
35,00 mln € Francja Veretout
10%
Nie znaleziono quizów pasujących do podanych kryteriów
Rozkład punktacji
Procent ludzi z każdym wynikiem
Percentyl według liczby udzielonych odpowiedzi
Twoja historia wyników
Nie rozwiązałeś tego quizu